00313nam a2200133Ia 4500008004100000020001500041041001200056082001600068100001500084245003400099260002700133300000700160650001200167221030s9999 xx 000 0 und d a8124201056 aEnglish a105.23bDeu aP. Deussan 0aOutlives of Indian Philosophy bJaico PubaDelhic1996 a57 aGeneral